000
00230 a2200109 4500
020
_a
9781937057978
041
_a
eng
100
_a
Vardell, Sylvia
245
_a
The poetry friday anthology for science
942
_c
BK
952
_7
4
999
_c
19122
_d
19122